| 000 | 00506nam a22001697a 4500 | ||
|---|---|---|---|
| 005 | 20240530110359.0 | ||
| 008 | 150117s2010 ua g 000 f ara d | ||
| 017 |
_a2010/24588 _bمصر . دار الكتب المصرية |
||
| 040 | _aEG-CaGPL | ||
| 041 | 0 | _aara | |
| 082 | 0 | 4 |
_221 _a813.03\ _bإ م |
| 100 | 0 | _aابراهيم عيسى | |
| 245 | 1 | 0 |
_aمريم التجلى الاخير / _cابراهيم عيسى |
| 300 |
_a251 ص ؛ _c20 سم |
||
| 650 | 0 | 4 | _aالقصص العربية |
| 942 |
_2ddc _cBK |
||
| 999 |
_c60218 _d60218 |
||